Formula Regional podium finishers - Statistics

General Stats
  • This quiz has been taken 24 times
  • The average score is 61 of 180
Answer Stats
Country Number of podiums Series Years Answer % Correct
Italy 18 European, Middle East 2023 Andrea Kimi Antonelli
90%
Monaco 24 Asian, European 2020, 2022 Arthur Leclerc
85%
New Zealand 27 Americas, Oceania 2023, 2024 Callum Hedge
80%
Estonia 17 Asian, European 2021, 2022 Paul Aron
80%
Brazil 13 European, Middle East 2023, 2024 Rafael Camara
80%
United States 1 Oceania 2024 Bryce Aron
75%
Austria 7 Oceania 2023 Charlie Wurz
75%
Argentina 3 European 2021 Franco Colapinto
75%
France 16 Asian, European 2021, 2022 Isack Hadjar
75%
Spain 7 Asian, Middle East 2022, 2023 Pepe Marti
75%
United States 15 Americas, Oceania 2023 Ryan Shehan
75%
Sweden 25 Asian, European, Middle East 2021, 2022, 2023 Dino Beganovic
70%
Brazil 13 European 2019 Enzo Fittipaldi
70%
China 11 Asian 2021 Guanyu Zhou
70%
Russia 3 European, Middle East 2023 Nikita Bedrin
70%
United Kingdom 13 Middle East 2023, 2024 Taylor Barnard
70%
Japan 1 Asian 2021 Ayumu Iwasa
65%
Norway 6 European 2020 Dennis Hauger
65%
Denmark 20 European 2019 Frederik Vesti
65%
Italy 17 Asian, European 2021, 2022 Gabriele Mini
65%
France 18 Asian, European 2021, 2022 Hadrien David
65%
Australia 2 Middle East 2024 James Wharton
65%
Paraguay 2 European, Middle East 2023 Joshua Duerksen
65%
Norway 15 European, Middle East 2023, 2024 Martinius Stenshorne
65%
Brazil 1 Asian 2019-20 Pietro Fittipaldi
65%
South Africa/United Kingdom 27 Americas, Asian 2018, 2022 Raoul Hyman
65%
Germany 10 European 2023 Tim Tramnitz
65%
Malta 4 Middle East 2024 Zachary David
65%
United Kingdom 5 Asian, European 2019-20, 2020 Jamie Chadwick
60%
India 8 Asian 2021 Jehan Daruvala
60%
Spain 8 European, Middle East 2021, 2022, 2024 Mari Boya
60%
Denmark 13 European 2020 Oliver Rasmussen
60%
Canada 4 Oceania 2024 Patrick Woods-Toth
60%
Poland 13 European, Oceania 2022, 2024 Roman Bilinski
60%
Colombia 3 Asian 2022 Sebastian Montoya
60%
Finland 9 Middle East 2024 Tuukka Taponen
60%
France 2 Asian 2019 Victor Martins
60%
United Kingdom 1 Middle East 2024 Arvid Lindblad
55%
Brazil 7 Asian, European 2021, 2022 Gabriel Bortoleto
55%
United States 3 Asian 2022 Jak Crawford
55%
Netherlands 10 European 2022, 2023 Kas Haverkort
55%
India 1 Asian 2021 Kush Maini
55%
Netherlands 7 European, Oceania 2023 Laurens van Hoepen
55%
Russia 4 Asian 2019-20 Nikita Mazepin
55%
United Kingdom 1 Asian 2022 Oliver Bearman
55%
Mexico 1 European 2023 Santiago Ramos
55%
Barbados 7 European 2021 Zane Maloney
55%
France 4 European 2023 Alessandro Giusti
50%
Australia 4 Oceania 2024 Christian Mansell
50%
Hong Kong 2 Oceania 2024 Gerrard Xie
50%
Switzerland 10 European 2021 Gregoire Saucy
50%
Switzerland 5 European, Middle East 2022, 2023 Joshua Dufek
50%
Estonia 3 European 2020 Juri Vips
50%
Cayman Islands 13 Americas 2021 Kyffin Simpson
50%
Israel 2 Asian 2021 Roy Nissany
50%
France 6 European, Middle East 2022, 2023 Sami Meguetounif
50%
United States 3 Middle East 2024 Ugo Ugochukwu
50%
New Zealand 3 Asian 2018 Liam Lawson
45%
New Zealand 18 Japanese, Oceania 2023, 2024 Liam Sceats
45%
Peru 1 Middle East 2023 Matias Zagazeta
45%
Russia 8 Asian, European 2021, 2022 Michael Belov
45%
Italy 2 Oceania 2024 Nicola Lacorte
45%
Singapore 4 European, Middle East 2023, 2024 Nikhil Bohra
45%
Finland 12 Asian, European 2020, 2021, 2022 Patrik Pasma
45%
Thailand 4 Middle East 2023, 2024 Tasanapol Inthraphuvasak
45%
China 9 Asian 2018, 2019 Yifei Ye
45%
Macau 6 Asian 2018 Charles Leong
40%
United States 1 Oceania 2023 Chloe Chambers
40%
Singapore 1 Americas 2020 Danial Frost
40%
Germany 10 Asian, European 2019 David Schumacher
40%
Italy 3 Japanese 2023 Enzo Trulli
40%
France 1 European 2023 Esteban Masson
40%
Brazil 14 European 2020 Gianluca Petecof
40%
Guatemala 5 Americas, European 2020, 2021 Ian Rodriguez
40%
Brazil 11 European 2019 Igor Fraga
40%
United States 18 Americas, Oceania 2018, 2019, 2020, 2021, 2023, 2024 Jacob Abel
40%
United States 8 Americas 2021, 2022 Jason Alder
40%
Netherlands 11 Asian 2019-20 Joey Alders
40%
New Zealand 4 Oceania 2023, 2024 Kaleb Ngatoa
40%
Sweden 16 Americas 2020 Linus Lundqvist
40%
South Korea 6 Middle East, Oceania 2023, 2024 Michael Shin
40%
Japan 26 Japanese 2021, 2022, 2023 Sota Ogawa
40%
France 3 Middle East 2024 Theophile Nael
40%
Italy 3 Middle East 2024 Brando Badoer
35%
United Kingdom 3 Asian, European 2019 Dan Ticktum
35%
Australia 25 Asian 2019, 2019-20 Jack Doohan
35%
United Kingdom 12 Asian, European 2018, 2019 Jake Hughes
35%
Finland 3 European 2019, 2020 Konsta Lappalainen
35%
United States 16 Americas 2018 Kyle Kirkwood
35%
Spain 5 Asian, European, Middle East 2022, 2023 Lorenzo Fluxa
35%
Japan 17 Japanese 2022 Miki Koyama
35%
Sweden 5 Americas 2022, 2023 Oliver Westling
35%
United Kingdom 7 European 2019 Olli Caldwell
35%
United States 17 Americas 2022, 2023 Cooper Becklin
30%
United States 11 Americas 2019 Dakota Dickerson
30%
Spain 4 Asian 2021 David Vidales
30%
Netherlands 2 Asian, European 2022 Dilano van't Hoff
30%
Australia 12 Americas 2020, 2021 Joshua Car
30%
Mexico 2 Americas 2023 Manuel Roza
30%
Argentina 1 European 2019 Marcos Siebert
30%
Switzerland 1 Japanese 2023 Michael Sauter
30%
Czechia 1 Asian 2019 Petr Ptacek
30%
France 1 European 2023 Victor Bernier
30%
New Zealand 1 Oceania 2024 Alex Crosbie
25%
United Kingdom 2 European 2021 Alex Quinn
25%
Australia 1 Middle East 2024 Costa Toparis
25%
Ireland 1 Americas 2019 James Roe Jr.
25%
United Kingdom 1 Oceania 2023 Josh Mason
25%
Russia 1 Middle East 2023 Kirill Smal
25%
France 14 Asian, European 2020, 2021 Pierre-Louis Chovet
25%
Mexico 1 Middle East 2023 Rafael Villagomez
25%
Japan 11 Japanese 2020 Sena Sakaguchi
25%
Australia 1 Oceania 2024 Tommy Smith
25%
Japan 19 Asian 2019, 2019-20 Ukyo Sasahara
25%
Finland 1 European 2021 William Alatalo
25%
United Kingdom 1 Middle East 2023 Aiden Neate
20%
Argentina 20 Americas 2018, 2019 Baltazar Leguizamon
20%
Denmark 19 Americas 2018, 2019 Benjamin Pedersen
20%
United States 15 Americas 2020 David Malukas
20%
United States 15 Americas 2021, 2022 Dylan Tavella
20%
Canada 3 Americas 2022 Mac Clark
20%
New Zealand 10 Americas 2021, 2022 Ryan Yardley
20%
Australia 2 Oceania 2023 Ryder Quinn
20%
Japan 12 Japanese 2021, 2022, 2023 Ryunosuke Sawa
20%
Uruguay 1 Americas 2020 Santiago Urrutia
20%
Japan 21 Japanese 2020, 2021 Yuga Furutani
20%
Canada 3 Asian 2019-20 Devlin DeFrancesco
15%
Sri Lanka 1 Asian 2019 Eshan Pieris
15%
New Zealand 3 Oceania 2023 James Penrose
15%
Japan 1 Japanese 2021 Kakunoshin Ohta
15%
Germany 2 European 2019 Lirim Zendeli
15%
United Kingdom 4 Oceania 2023 Louis Foster
15%
France 1 European 2023 Maceo Capietto
15%
Japan 11 Japanese 2020, 2021, 2022 Riki Okusa
15%
Japan 2 Japanese 2023 Yugo Iwasawa
15%
China 9 Asian 2019, 2019-20 Daniel Cao
10%
France 1 European 2023 Marcus Amand
10%
United States 7 Americas 2021, 2022, 2023 Nick Persing
10%
Netherlands 8 Asian 2019 Rinus VeeKay
10%
Japan 13 Asian, Japanese 2018, 2019, 2020, 2021 Tomoki Takahashi
10%
United States 5 Americas 2021 Varun Choksey
10%
Brazil 10 Americas 2020 Victor Franzoni
10%
Japan 13 Japanese 2021, 2022 Yoshiaki Katayama
10%
Japan 8 Japanese 2020, 2021 Ai Miura
5%
United States 4 Americas 2021 Ernie Francis Jr.
5%
United States 1 Americas 2023 Hayden Bowlsbey
5%
Finland 1 European 2019 Isac Blomqvist
5%
Japan 6 Japanese 2023 Jiei Okuzumi
5%
United States 5 Americas 2018, 2019 John Paul Southern Jr
5%
Ireland 2 Asian 2019 Jordan Dempsey
5%
United States 7 Americas 2020, 2021 Jordan Missig
5%
Canada 3 Americas 2020, 2021 Logan Cusson
5%
United States 2 Americas 2020 Nicky Hays
5%
Singapore 1 Asian 2019 Pavan Ravishankar
5%
Mexico 2 European 2019 Raul Guzman
5%
Japan 3 Japanese 2020 Yuki Nemoto
5%
United States 1 Americas 2022 Aaron Jeansonne
0%
Malaysia 2 Asian 2018 Akash Nandy
0%
France 5 Asian 2019 Alessandro Ghiretti
0%
France 1 Americas 2021 Baptiste Berthelot
0%
United Kingdom 2 Asian 2018 Ben Hingeley
0%
New Zealand 5 Asian 2019 Brendon Leitch
0%
United States 1 Americas 2023 Cole Cleck
0%
United States 2 Oceania 2023 David Morales
0%
Australia 2 Asian 2019 Jackson Walls
0%
United States 5 Asian 2018 Jaden Conwright
0%
Japan 6 Japanese 2022, 2023 Kazuki Oki
0%
United States 1 Americas 2019 Kent Vaccaro
0%
Japan 1 Japanese 2020 Masayuki Ueda
0%
Colombia 6 Americas 2019 Mathias Soler-Obel
0%
Japan 4 Japanese 2020, 2023 Mizuki Ishisaka
0%
United States 1 Americas 2019 Parker Locke
0%
United States 3 Americas 2019 Quinlall Lall
0%
Spain 3 Asian 2019-20 Sebastian Fernandez
0%
United States 1 Americas 2019 Shea Holbrook
0%
Japan 1 Japanese 2022 Takashi Hata
0%
Japan 2 Japanese 2020 Takuro Shinohara
0%
Japan 4 Japanese 2021 Yousuke Shiotsu
0%
Japan 6 Asian, Japanese 2019-20, 2020 Yu Kanamaru
0%
Japan 3 Japanese 2023 Yuya Hiraki
0%
No matching quizzes found
Score Distribution
Percent of People with Each Score
Percentile by Number Answered
Your Score History
You have not taken this quiz